BOREY DEVELOPMENT IN SANG KAT STEMG MEANCHEY, KHAN MEANCHEY, PHNOM PENH CITY ការអភិវឌ្ឍបុរីនៅក្នុងសង្កាត់ស្ទឹងមានជ័យ ខណ្ខមានជ័យ​ រាជធានីភ្នំពេញ (Record no. 23169)

000 -LEADER
fixed length control field 00667nam a22001337a 4500
040 ## - CATALOGING SOURCE
Transcribing agency RUA
082 ## - DEWEY DECIMAL CLASSIFICATION NUMBER
Classification number LMA KRO 2022 B1-498 Or.
100 ## - MAIN ENTRY--AUTHOR NAME
Personal name KROUCH VIRAKYOT ក្រូច វិរះយុត
245 ## - TITLE STATEMENT
Title BOREY DEVELOPMENT IN SANG KAT STEMG MEANCHEY, KHAN MEANCHEY, PHNOM PENH CITY ការអភិវឌ្ឍបុរីនៅក្នុងសង្កាត់ស្ទឹងមានជ័យ ខណ្ខមានជ័យ​ រាជធានីភ្នំពេញ
260 ## - PUBLICATION, DISTRIBUTION, ETC. (IMPRINT)
Place of publication PHNOM PENH
Name of publisher RUA
Year of publication 2022
300 ## - PHYSICAL DESCRIPTION
Number of Pages X. 35P
Other physical details VIII.
Dimensions 29CM
856 ## - ELECTRONIC LOCATION AND ACCESS
Uniform Resource Identifier https://drive.google.com/file/d/17888kSpc_KEBEJpwOnP4Bb0ci_KbQQvX/view?usp=sharing
942 ## - ADDED ENTRY ELEMENTS (KOHA)
Koha item type LMA
952 ## - LOCATION AND ITEM INFORMATION (KOHA)
Withdrawn status [LOCAL, KOHA] 0
952 ## - LOCATION AND ITEM INFORMATION (KOHA)
Withdrawn status [LOCAL, KOHA] 0
952 ## - LOCATION AND ITEM INFORMATION (KOHA)
Withdrawn status [LOCAL, KOHA] 0
952 ## - LOCATION AND ITEM INFORMATION (KOHA)
Withdrawn status [LOCAL, KOHA] 0
Holdings
Permanent Location Date acquired Koha item type Lost status Shelving location Barcode Current Location Full call number
Library Block B2024-06-19LMA B1.498a077075Library Block BLMA KRO 2022 B1-498 Or.
Library Block B2024-06-19LMA B1.498a077071Library Block BLMA KRO 2022 B1-498 Or.
Library Block B2024-06-19LMA B1.498a077303Library Block BLMA KRO 2022 B1-498 Or.
Library Block B2024-06-19LMA B1.498a077227Library Block BLMA KRO 2022 B1-498 Or.
មជ្ឈមណ្ឌលឯការនៃសាកលវិទ្យាល័យភូមិន្ទកសិកម្មចំការដូង

Powered by Koha